<?xml version="1.0" encoding="UTF-8"?>
<record
    xmlns:xsi="http://www.w3.org/2001/XMLSchema-instance"
    xsi:schemaLocation="http://www.loc.gov/MARC21/slim http://www.loc.gov/standards/marcxml/schema/MARC21slim.xsd"
    xmlns="http://www.loc.gov/MARC21/slim">

  <leader>01308nam a22001937a 4500</leader>
  <controlfield tag="008">120731t        xxu||||| |||| 00| 0 eng d</controlfield>
  <datafield tag="020" ind1=" " ind2=" ">
    <subfield code="a">0619200464</subfield>
  </datafield>
  <datafield tag="050" ind1=" " ind2=" ">
    <subfield code="a">TK5105.885.M53.S3</subfield>
  </datafield>
  <datafield tag="100" ind1=" " ind2=" ">
    <subfield code="a">Shelly, Gary B.</subfield>
  </datafield>
  <datafield tag="245" ind1=" " ind2=" ">
    <subfield code="a">Microsoft office frontpage: complete concepts and techniques. /</subfield>
    <subfield code="c">Gary B. Shelly, Thomas J. Cashman and Jeffrey J. Quasney</subfield>
  </datafield>
  <datafield tag="260" ind1=" " ind2=" ">
    <subfield code="a">Canada:</subfield>
    <subfield code="b">Thomson,</subfield>
    <subfield code="c">c2004.</subfield>
  </datafield>
  <datafield tag="300" ind1=" " ind2=" ">
    <subfield code="a">xvi,479p+various pagings:</subfield>
    <subfield code="b">ill.;</subfield>
    <subfield code="c">27cm.</subfield>
  </datafield>
  <datafield tag="500" ind1=" " ind2=" ">
    <subfield code="a">Includes index</subfield>
  </datafield>
  <datafield tag="505" ind1=" " ind2=" ">
    <subfield code="a">Contents: Creating a frontpage web site using a temple -- Adding a new web page to a web site -- Customizing and managing web pages and images -- Creating and using interactive forms on the web -- Using frames to display database results in web pages -- Using subsites, the database interface wizard, and source control -- Using a tracing image to create a web page -- Microsoft frontpage help system -- Appendix A: Microsoft frontpage help system -- Appendix B: Speech and handwriting recognition -- Appendix C: Publishing frontpage web sites to a file system -- Appendix D: Changing screen resolution and resetting the frontpage toolbars and menus -- Appendix E: Frontpage web design tips.</subfield>
  </datafield>
  <datafield tag="650" ind1=" " ind2=" ">
    <subfield code="b">Microsoft office 2003.</subfield>
  </datafield>
  <datafield tag="700" ind1=" " ind2=" ">
    <subfield code="a">Cashman, Thomas J.</subfield>
  </datafield>
  <datafield tag="700" ind1=" " ind2=" ">
    <subfield code="a">Quasney, Jeffrey J.</subfield>
  </datafield>
  <datafield tag="942" ind1=" " ind2=" ">
    <subfield code="2">lcc</subfield>
    <subfield code="c">BK</subfield>
  </datafield>
  <datafield tag="999" ind1=" " ind2=" ">
    <subfield code="c">1890</subfield>
    <subfield code="d">9390</subfield>
  </datafield>
  <datafield tag="952" ind1=" " ind2=" ">
    <subfield code="0">0</subfield>
    <subfield code="1">0</subfield>
    <subfield code="2">lcc</subfield>
    <subfield code="4">0</subfield>
    <subfield code="7">0</subfield>
    <subfield code="a">WIUC-1</subfield>
    <subfield code="b">WIUC-1</subfield>
    <subfield code="c">GEN</subfield>
    <subfield code="d">2012-07-31</subfield>
    <subfield code="l">0</subfield>
    <subfield code="o">TK5105.885.M53.S3</subfield>
    <subfield code="p">5880/12</subfield>
    <subfield code="r">2012-07-31 00:00:00</subfield>
    <subfield code="t">1</subfield>
    <subfield code="w">2012-07-31</subfield>
    <subfield code="y">BK</subfield>
  </datafield>
  <datafield tag="952" ind1=" " ind2=" ">
    <subfield code="0">0</subfield>
    <subfield code="1">0</subfield>
    <subfield code="2">lcc</subfield>
    <subfield code="4">0</subfield>
    <subfield code="7">0</subfield>
    <subfield code="a">WIUC-1</subfield>
    <subfield code="b">WIUC-1</subfield>
    <subfield code="c">GEN</subfield>
    <subfield code="d">2012-07-31</subfield>
    <subfield code="l">0</subfield>
    <subfield code="o">TK5105.885.M53.S31</subfield>
    <subfield code="p">5881/12</subfield>
    <subfield code="r">2012-07-31 00:00:00</subfield>
    <subfield code="t">2</subfield>
    <subfield code="w">2012-07-31</subfield>
    <subfield code="y">BK</subfield>
  </datafield>
  <datafield tag="952" ind1=" " ind2=" ">
    <subfield code="0">0</subfield>
    <subfield code="1">0</subfield>
    <subfield code="2">lcc</subfield>
    <subfield code="4">0</subfield>
    <subfield code="7">0</subfield>
    <subfield code="a">WIUC-1</subfield>
    <subfield code="b">WIUC-1</subfield>
    <subfield code="c">GEN</subfield>
    <subfield code="d">2012-07-31</subfield>
    <subfield code="l">0</subfield>
    <subfield code="o">TK5105.885.M53.S32</subfield>
    <subfield code="p">5882/12</subfield>
    <subfield code="r">2012-07-31 00:00:00</subfield>
    <subfield code="t">3</subfield>
    <subfield code="w">2012-07-31</subfield>
    <subfield code="y">BK</subfield>
  </datafield>
</record>
